The best of pro basketball / (Record no. 245)
[ view plain ]
| 000 -LEADER | |
|---|---|
| fixed length control field | 01870cam a2200409 a 4500 |
| 005 - DATE AND TIME OF LATEST TRANSACTION | |
| control field | 20260322212012.0 |
| 008 - FIXED-LENGTH DATA ELEMENTS--GENERAL INFORMATION | |
| fixed length control field | data |
| 010 ## - LIBRARY OF CONGRESS CONTROL NUMBER | |
| LC control number | 2009001174 |
| 020 ## - INTERNATIONAL STANDARD BOOK NUMBER | |
| International Standard Book Number | 9781429633321 (lib. bdg.) |
| 020 ## - INTERNATIONAL STANDARD BOOK NUMBER | |
| International Standard Book Number | 1429633328 (lib. bdg.) |
| 020 ## - INTERNATIONAL STANDARD BOOK NUMBER | |
| International Standard Book Number | 9781429638807 (pbk.) |
| 020 ## - INTERNATIONAL STANDARD BOOK NUMBER | |
| International Standard Book Number | 142963880X (pbk.) |
| 040 ## - CATALOGING SOURCE | |
| Original cataloging agency | DLC |
| Transcribing agency | DLC |
| Modifying agency | DLC |
| -- | MLY |
| -- | BIB |
| -- | XY4 |
| -- | BTCTA |
| -- | ZQP |
| -- | DLC |
| 042 ## - AUTHENTICATION CODE | |
| Authentication code | lcac |
| 043 ## - GEOGRAPHIC AREA CODE | |
| Geographic area code | n-us--- |
| 050 00 - LIBRARY OF CONGRESS CALL NUMBER | |
| Classification number | GV885.1 |
| Item number | .D63 2010 |
| 082 00 - DEWEY DECIMAL CLASSIFICATION NUMBER | |
| Classification number | 796.323/640973 |
| Edition information | 22 |
| 092 ## - LOCALLY ASSIGNED DEWEY CALL NUMBER (OCLC) | |
| Classification number | 793.32 D63 2010 |
| 001 - CONTROL NUMBER | |
| control field | data |
| 100 1# - MAIN ENTRY--PERSONAL NAME | |
| Personal name | Doeden, Matt. |
| 245 14 - TITLE STATEMENT | |
| Title | The best of pro basketball / |
| Statement of responsibility, etc. | Matt Doeden. |
| 260 ## - PUBLICATION, DISTRIBUTION, ETC. | |
| Place of publication, distribution, etc. | Mankato, Minn. : |
| Name of publisher, distributor, etc. | Capstone Press, |
| Date of publication, distribution, etc. | 2010. |
| 300 ## - PHYSICAL DESCRIPTION | |
| Extent | 24 p. : |
| Other physical details | ill. (chielfy col.) ; |
| Dimensions | 21 cm. |
| 490 1# - SERIES STATEMENT | |
| Series statement | First facts, best of pro sports |
| 504 ## - BIBLIOGRAPHY, ETC. NOTE | |
| Bibliography, etc. note | Includes bibliographical references (p. 23) and index. |
| 505 0# - FORMATTED CONTENTS NOTE | |
| Formatted contents note | Best scorer -- Most points by a player in a game -- Best shootout -- Best comeback -- Best rebounder -- Best steal -- Best last-second shot -- Most amazing shot -- Best three-point shooter. |
| 520 ## - SUMMARY, ETC. | |
| Summary, etc. | "Presents some of the best moments and players in professional basketball history"--Provided by publisher. |
| 650 #0 - SUBJECT ADDED ENTRY--TOPICAL TERM | |
| Topical term or geographic name entry element | Basketball |
| Geographic subdivision | United States |
| General subdivision | History |
| Form subdivision | Juvenile literature. |
| 650 #0 - SUBJECT ADDED ENTRY--TOPICAL TERM | |
| Topical term or geographic name entry element | Basketball players |
| Geographic subdivision | United States |
| General subdivision | History |
| Form subdivision | Juvenile literature. |
| 650 #1 - SUBJECT ADDED ENTRY--TOPICAL TERM | |
| Topical term or geographic name entry element | Basketball |
| Geographic subdivision | United States |
| General subdivision | History. |
| 650 #1 - SUBJECT ADDED ENTRY--TOPICAL TERM | |
| Topical term or geographic name entry element | Basketball players |
| Geographic subdivision | United States |
| General subdivision | History. |
| 650 #1 - SUBJECT ADDED ENTRY--TOPICAL TERM | |
| Topical term or geographic name entry element | Sports. |
| 830 #0 - SERIES ADDED ENTRY--UNIFORM TITLE | |
| Uniform title | First facts. |
| Name of part/section of a work | Best of pro sports. |
| 906 ## - LOCAL DATA ELEMENT F, LDF (RLIN) | |
| a | 7 |
| b | cbc |
| c | orignew |
| d | 1 |
| e | ecip |
| f | 20 |
| g | y-gencatlg |
| 925 0# - | |
| -- | acquire |
| -- | 1 shelf copies |
| -- | policy default |
| -- | claim2 2010-09-10 |
| -- | claim2 2010-09-10 |
| 955 ## - COPY-LEVEL INFORMATION (RLIN) | |
| -- | re04 2009-01-29 telework |
| -- | re12 2009-01-29 telework to Dewey |
| -- | xj05 2011-01-18 Z-CipVer |
| Withdrawn status | Lost status | Damaged status | Not for loan | Home library | Current library | Shelving location | Date acquired | Total checkouts | Full call number | Barcode | Date last seen | Price effective from | Koha item type |
|---|---|---|---|---|---|---|---|---|---|---|---|---|---|
| Fairview | Fairview | General stacks | 22/03/2026 | 796.323/640973 22 | BC0010253 | 22/03/2026 | 22/03/2026 | Books |